000 00467nam a2200181Ia 4500
001 19909
005 20260306172727.0
008 260306t2019||||xx |||||||||||||| ||spa||
041 _aESP
082 _a341.4
_bE335
100 _aEemeren, Frans H. Van
_eAUT
245 0 _aLa teoría de la argumentación:
_buna perspectiva pragmadialéctica
260 _c2019
300 _a305 páginas :
_c20 cm.
650 _aGEN
654 _aCDE
942 _cLIB
_dJUS
_fJUS
_2ddc
_n
999 _c19909
_d19909